000 00362nam a2200169Ia 4500
100 _aGorty Lakshmi V.R
650 _aEngineering Mathematics
490 _v1
942 _cBK
366 _f20
245 _aAdvanced Engineering Mathematics
260 _bAne Books India
_c2009
082 _a519.2
_bGOR
300 _a170
546 _aENGLISH
999 _c34465
_d34465